Historia del Nuevo Reino de Granada (Registro nro. 70668)
[ vista simple ]
| 000 -ENCABEZADO | |
|---|---|
| Número de control [NR] | 02200nam a2200325Ia 4500 |
| 005 - FECHA Y HORA DE LA ÚLTIMA TRANSACCIÓN | |
| control field | 20170719160057.0 |
| 008 - DE LONGITUD FIJA DE DATOS DE ELEMENTOS - INFORMACIÓN GENERAL | |
| Elementos de longitud fija [NR] | 130821s1886 sp fr 0 1 p spa d |
| 040 ## - FUENTE DE CATALOGACION [NR] | |
| Agencia de catalogación original [NR] | Co-BoUCM |
| Idioma de catalogación [NR] | spa |
| Quien Cataloga | Sandra Yazo |
| Quien Clasifica | Sandra Yazo |
| 041 0# - CODIGO DE IDIOMA [R] | |
| Código de idioma para texto/pista de sonido o título separado [R] | Español |
| 082 04 - NUMERO DE CLASIFICACION DECIMAL DEWEY [R] | |
| Número de clasificación [R] | 986.102 |
| Número de la edición [NR] | 20 |
| 092 ## - SIGNATURA TOPOGRAFICA LOCAL | |
| Número de clasificación local | E07N021 |
| 100 1# - ASIENTO PRINCIPAL--NOMBRE PERSONAL [NR] | |
| Nombre personal [NR] | Castellanos, Juan de |
| Fechas asociadas con el nombre [NR] | 1522-1607 |
| ID Autoridad | 78492 |
| 245 10 - MENCION DE TITULO [NR] | |
| Título [NR] | Historia del Nuevo Reino de Granada |
| Mención de responsabilidad, etc. [NR] | por Juan de Castellanos. Publícala por primera vez D. Antonio Paz y Mélia |
| 260 ## - PUBLICACION, DISTRIBUCION, ETC. (PIE DE IMPRENTA) [R] | |
| Lugar de publicación, distribución, etc. [R] | Madrid (España) |
| Nombre del editor, distribuidor, etc. [R] | Imprenta de A. Pérez Dubrull |
| Fecha de publicación, distribución, etc. [R] | 1886 |
| 300 ## - DESCRIPCION FISICA [R] | |
| Extensión [R] | 2 volúmenes (lvii, 450 ; 450 páginas) |
| Dimensiones [R] | 17 x 11 cm. |
| 490 #0 - MENCION DE SERIE [R] | |
| Mención de serie [R] | Colección de Escritores Castellanos. Historiadores |
| Designación numérica/secuencial del volumen [NR] | 44 ; 49 |
| 500 ## - NOTA GENERAL [R] | |
| Nota general [NR] | Detalles físicos: Encuadernación rígida (española), en cartón forrado en cuero, lomo con tejuelos y adornos en dorado. Tapas con raspaduras y residuos de cinta pegante. Guardas en papel de agua. V.1 con guarda delantera rota. Anteportada. Portada impresa en dos tintas con datos de la obra enmarcados en una orla decorativa. Dedicatoria. Introducción. Texto impreso en una columna con varios tipos y tamaños de letra. Cenefas. Mayúsculas capitales. Papel manchado. Al final índice y colofón. V.2 al final erratas |
| 505 1# - NOTA DE CONTENIDO CON FORMATO PREESTABLECIDO [R] | |
| Nota de contenido con formato preestablecido [NR] | V.1: Introducción ; Preliminares ; Cantos 1 al 15 -- V.2: Cantos 16 al 23 ; Elegía compuesta a la muerte del Capitán Jerónimo Hurtado de Mendoza ; Elogio del Dr. Antonio González ; Negocio de las alcabalas ; Notas y correcciones ; Glosario ; Índice de los nombres de personas citadas en toda la obra de Juan de Castellanos |
| 506 ## - NOTA DE RESTRICCIONES DE ACCESO [R] | |
| Condiciones de acceso [NR] | Consulta en sala |
| 650 #7 - ASIENTO SECUNDARIO DE MATERIA - TERMINO TEMATICO [R] | |
| Término temático o nombre geográfico como elemento de entrada [NR] | Historia de Colombia |
| 9 (RLIN) | 26508 |
| 650 #7 - ASIENTO SECUNDARIO DE MATERIA - TERMINO TEMATICO [R] | |
| Término temático o nombre geográfico como elemento de entrada [NR] | Poesía colombiana |
| 9 (RLIN) | 21792 |
| 651 04 - ASIENTO SECUNDARIO DE MATERIA - NOMBRE GEOGRAFICO [R] | |
| Nombre geográfico [NR] | Nuevo Reino de Granada |
| Subdivisión general [R] | Historia |
| -- | Conquista |
| 9 (RLIN) | 27171 |
| 651 04 - ASIENTO SECUNDARIO DE MATERIA - NOMBRE GEOGRAFICO [R] | |
| Nombre geográfico [NR] | Nuevo Reino de Granada |
| Subdivisión general [R] | Poesía |
| 9 (RLIN) | 86595 |
| 690 ## - ASUNTO AGREGADO LOCAL DE ENTRADA - TÉRMINO TEMÁTICO (OCLC, RLIN) | |
| Acceso temático local | Historia de Colombia |
| 9 (RLIN) | 26508 |
| 700 1# - ASIENTO SECUNDARIO - NOMBRE PERSONAL [R] | |
| Nombre personal [NR] | Paz y Mélia, Antonio |
| Fechas asociadas con el nombre [NR] | 1842-1927 |
| 9 (RLIN) | 61105 |
| Término de relación [R] | editor |
| 740 1# - ASIENTO SECUNDARIO – TITULOS RELACIONADOS/ANALITICOS NO CONTROLADOS [R] | |
| Título relacionado o analítico no controlado [NR] | Elegías de varones ilustres de Indias |
| 856 41 - LOCALIZACION Y ACCESO ELECTRONICOS [R] | |
| Identificador Uniforme del Recurso (“URI”) [R] | <a href="https://archive.org/details/historiadelnuevo01cast">https://archive.org/details/historiadelnuevo01cast</a> |
| Nota dirigida al público [R] | Disponible en línea V.1 |
| 856 41 - LOCALIZACION Y ACCESO ELECTRONICOS [R] | |
| Identificador Uniforme del Recurso (“URI”) [R] | <a href="https://archive.org/details/historiadelnuev00meligoog">https://archive.org/details/historiadelnuev00meligoog</a> |
| Nota dirigida al público [R] | Disponible en línea V.2 |
| 942 ## - ELEMENTOS DE ENTRADA AGREGADOS (KOHA) | |
| Tipo de ítem principal el descrito en 300a | Libro |
| Tema principal | 21 |
| Edición | 1 |
| Sistema de clasificación | LOCAL |
| Clasificación | E07N021 |
| Suprimido | Perdido | Sistema de clasificación | Dañado | No prestable | Tipo de ítem específico | Ubicación habitual | Ubicación actual | Localización | Fecha de creación | Forma de adquisición | Costo | Volúmen / Fascículo | Total préstamos | Signatura topográfica | Código de barras | Última vez visto | Ejemplar | Price effective from | Tipo de ítem |
|---|---|---|---|---|---|---|---|---|---|---|---|---|---|---|---|---|---|---|---|
| LOCAL | Libro archivo | Archivo Histórico | Archivo Histórico | Archivo histórico | 15/05/2014 | Donación | 0.00 | V.1 | E07N021 | L001068 | 15/12/2012 | Ej.1 | 03/02/2013 | Libro | |||||
| LOCAL | Libro archivo | Archivo Histórico | Archivo Histórico | Archivo histórico | 15/05/2014 | Donación | 0.00 | V.2 | E07N021 | L001069 | 15/12/2012 | Ej.1 | 03/02/2013 | Libro |